000 01526nam a2200361 i 4500
003 CO-BoRNBP
005 20250605110046.0
007 ta
008 210726s20142016sp a br 000 0 spa d
020 _a9788494498855
040 _aCO-BoRNBP
_bspa
_erda
_cCO-BoRNBP
041 1 _aspa
_heng
082 0 4 _a609
_bM91p
_222
082 0 4 _a530
_bM91p
_223
100 1 _aMycielska, Matgorzata
_d1973-
_eautora
_959816
245 1 0 _aPaténtalo
_bel libro de los inventos útiles y disparatados de la historia
_cMatgorzata Mycielska, Aleksandra Mizielińsky y Daniel Mizieliński ; traducción de Gloria Glondys
250 _aPrimera edición, Segunda edición
264 1 _aBarcelona, España
_bEdiciones Ekaré
_c2016-2019
300 _a119 páginas
_bilustraciones a color
_c25 cm
336 _atexto
_btxt
_2rdacontent
337 _asin mediación
_bn
_2rdamedia
338 _avolumen
_bnc
_2rdacarrier
500 _aEl material correspondiente a la dotación PNLB 2023, corresponde segunda edición 2019
521 _aRecomendado para un público infantil mayor de 9 años
534 _tAle patent!
650 0 0 _aPatentes de invención
_xCuriosidades y enigmas
_xLiteratura infantil
_2LEMB
_959817
650 0 4 _aCivilización
_xHistoria
_xLiteratura infantil
_2LEMB
_959818
650 0 0 _aInventos
_xHistoria
_xLiteratura infantil
_2LEMB
_959819
700 1 _aGlondys, Olga
_d1979-
_etraductora
_959820
700 1 _aMizieliński, Daniel
_eautor
_959821
700 1 _aMizielińska, Aleksandra
_d1982-
_eautora
_959822
942 _2ddc
_cBKINF
999 _c57191
_d57191